01493nam a22002777i 4500001001000000003001000010005001700020008004100037020001800078040004700096041000800143082002200151245013100173264005900304264001200363300003400375336002700409337003300436338002800469500006500497505055900562563001401121650003501135650002001170700002501190768714001CO-MdFUSB20190409114613.0190403b2014 Ph |||| |||| 00| 0 eng d a9789715033879 aCO-MdFUSBbspacCO-MdFUSBdCO-MdFUSBCerda aeng 223a230.044bC434 2aA theology of the spirit in doctrine and demostration :bEssays in Honor of Wonsuk and Julie Ma.c/ Editado por: Teresa Chai.  1aFilipinas :bAsia Pacific Theological Seminaryc[2014] c© 2014 aXII, 234 Páginas ; c23 cm. 2rdacontentatextobtxt 2rdamediaasin mediaciónbn 2rdacarrieravolumenbnc aLibro de ensayos escrito en honor a doctor Wonsuk y Julie Ma aUn bosquejo histórico de Wonsuk and Julie Ma. -- Encarnación, pentecostés, y formación espiritual virtual: Renovando la educación teológica en el contexto global. -- La espiritualidad misional: una contribución pentecostal a la formación espiritual. -- La educación teológica en un mundo pluralista: Reflexiones teológicas. -- Contextualización y pentecostal-carismática. La educación en una aldea global. -- Reflexiones pentecostales sobre la apostólica. -- Misión en el espíritu: desde Edimburgo a Canberra y Atenas aRústico 0aTeología doctrinalxHistoria 0aPentecostalismo aChai,Teresaeeditor.